000 00681nam a2200253 a 4500
001 nice12345678
003 IN_TiNIC
005 20260116012455.0
008 050524s1977 newa grp 000 0 eng
020 _a
_c100
082 0 0 _a909.0974927
_bMUJ
100 _aMujtabai, Fathullah
245 _aIndo-Iranian Studies Presented for the Golden Jubilee of the Pahlavi Dynast
260 _aNew Delhi
_bIndian Social Institute
_c1977
300 _a221p
500 _aincludes index and biblioraphy
505 2 _aIndex
650 _aCivilization-Iran
650 _aIndia-Relation-Iran
700 1 _aMujtabai, Fathullah
902 _bSRS
942 _cBK
999 _c7153
_d7153